najpopularniejsze tureckie seriale - Statystyki

Ogólne statystyki
  • Ten quiz został rozwiązany 142 razy
  • Średni wynik to 3 z 15
Statystyki odpowiedzi
numer serial % Poprawnych
11 elif
74%
1 wspaniałe stulecie
52%
2 przysięga
46%
3 więzień miłości
30%
14 zapukaj do moich drzwi
27%
10 wieczna miłość
24%
15 tylko z tobą
23%
13 czarna perła
15%
7 łzy cennet
15%
6 grzech fatmagul
13%
8 narzeczona ze stambułu
8%
5 imperium miłości
7%
9 królowa jednej nocy
6%
4 miłość na wynajem
6%
12 ezel
3%
Nie znaleziono quizów pasujących do podanych kryteriów
Rozkład punktacji
Procent ludzi z każdym wynikiem
Percentyl według liczby udzielonych odpowiedzi
Twoja historia wyników
Nie rozwiązałeś tego quizu